000 00447cam a22001337a 4500
008 180718b1979 xxu||||| |||| 00| 0 eng d
082 _aA81x54 In2/71/18/PT2B/2D
100 _aCensus of India 1971
245 _aRajasthan: economic tables
260 _aDelhi
_bThe Controller of Publications
_c1979
300 _a104+p.
440 _aCensus of India 1971. Series-18, Rajasthan. Part II-B (ii)-D
500 _aTables B-VI, Part B-(ii) & B-VII to B-IX
999 _c485380
_d485380